000 00885cam a22002411 4500
001 ne 66000480
003 DLC
005 20260227111821.0
008 820111s1966 sy 000 0 ararc
010 _ane 66000480
025 _aPL480:UAR-8480
035 _a(OCoLC)8056193
040 _aPrinceton Univ. Libr.
_cTU
_dTU
_dDLC
042 _apremarc
050 0 0 _aML330
_b.I4
100 1 _aIkhtiyār, Nasīb.
245 1 3 _aal-Fulklūr al-ghināʼī ʻinda al-ʻArab
_c[taʼlīf] Nasīb al-Ikhtiyār.
260 _a[Dimashq]
_bal-Maṭbaʻah wa-al-Jarīdah al-Rasmīyah
_c[1966]
300 _a116 p.
_c25 cm.
440 3 _aal-Silsilah al-fannīyah,
_v7
500 _aAt head of title: al-Jumhūrīyah al-ʻArabīyah al-Sūrīyah. Wazārat al-thaqāfah wa-al-irshād al-qawmī, Mudīrīyat al-taʼlīf wa-al-tarjamah.
650 0 _aFolk music
_zArab countries
_xHistory and criticism.
999 _c48722
_d48722